000 01655cam a22004694i 4500
003 PE-LiUPU
005 20250731172948.0
008 150623s1997 inu rb 000 0 eng d
020 _a157506023X
035 _a(Sirsi) i9781575060231
040 _aPE-LiUPU
_bspa
_cPE-LiUPU
_erda
049 _aPRUA
082 0 4 _a224.104 46
_bW11
_221
100 1 _aWaard, Jan de,
_eautor.
245 1 2 _aA Handbook on Isaiah /
_cJan de Waard.
264 1 _aWinona Lake, Indiana :
_bEisenbrauns,
_c1997.
300 _a228 páginas ;
_c24 centímetros.
336 _atext
_2rdacontent
337 _aunmediated
_2rdamedia
338 _avolume
_2rdacarrier
490 1 _aTextual criticism and the translator ;
_v1
504 _aIncluye bibliografía.
505 0 _aIntroduction -- Isaiah 1-10 -- Isaiah 11-20 -- Isaiah21-30 -- Isaiah 31-40 -- Isaiah 41-50 -- Isaiah 51-60 -- Isaiah 61-66.
526 _aSEG42
526 _aSEG41
526 _aSEG40
526 _aSEG39
526 _aP94
526 _aP87
526 _aP86
526 _aP85
526 _aP77
526 _aP76
526 _aP35
630 0 4 _aBiblia.
_pA.T.
_pIsaías
_xCrítica, interpretación, etc.
942 _2ddc
_cBOOK
949 _a224.104 46 W11
_wDEWEY
_c1
_i44834
_d2016-7-21
_e2016-7-21
_lCCODEBUL1
_mBUL
_n1
_r0
_sY
_tBOOK
_u2015-6-24
_xTEOLOGIA
_PP35
_0COMPRA
_o.STAFF. Colección Teología
994 _aC0
_bPEPRU
596 _a1
999 _a224.104 46 W11
_wDEWEY
_c21706
_i44834
_d21706
_e2022-6-20
_f2021-11-9
_g5
_lCCODEBUL1
_mBUL
_n3
_p40.00
_q7
_r0
_sY
_tBOOK
_u2015-6-24
_xTEOLOGIA
_PP35
_0COMPRA
_o.STAFF. Colección Teología
980 _81
_gALBERTO SANCHEZ Responsable de Automatización